[Event "Regionalliga SW 9697"]
[Site "Bayern"]
[Date "1996.??.??"]
[Round "?"]
[White "Foerch, August"]
[Black "Stoppa, Detlef"]
[Result "1/2-1/2"]
[WhiteElo "1930"]
[BlackElo "1865"]
[PlyCount "39"]
[EventDate "1996.10.??"]
[EventType "team-tourn"]
[EventRounds "9"]
[EventCountry "GER"]
[SourceTitle "EXT 1999"]
[Source "ChessBase"]
[SourceDate "1998.11.16"]
[SourceVersion "1"]
[SourceVersionDate "1998.11.16"]
[SourceQuality "1"]
[WhiteTeam "Tuerkheim"]
[BlackTeam "Obermenzing"]
[WhiteTeamCountry "GER"]
[BlackTeamCountry "GER"]

1. d4 Nf6 2. Nf3 g6 3. Nc3 d5 4. Bg5 Bg7 5. e3 0-0 6. Bd3 c6 7. h3 Nbd7 8. 0-0 Re8 9. a3 e5 10. Nxe5 Nxe5 11. dxe5 Rxe5 12. Bf4 Re8 13. Ne2 a6 14. c3 Be6 15. Nd4 c5 16. Nf3 Qc8 17. Bc2 Bf5 18. Bxf5 Qxf5 19. Rc1 Ne4 20. Bh2 1/2-1/2

[Event "Regionalliga SW 9596"]
[Site "Bayern"]
[Date "1996.??.??"]
[Round "?"]
[White "Stoppa, Detlef"]
[Black "Wolf, Thomas"]
[Result "1/2-1/2"]
[WhiteElo "1865"]
[BlackElo "2080"]
[PlyCount "90"]
[EventDate "1995.10.??"]
[EventType "team-tourn"]
[EventRounds "9"]
[EventCountry "GER"]
[SourceTitle "EXT 1999"]
[Source "ChessBase"]
[SourceDate "1998.11.16"]
[SourceVersion "1"]
[SourceVersionDate "1998.11.16"]
[SourceQuality "1"]
[WhiteTeam "Obermenzing"]
[BlackTeam "Sonthofen"]
[WhiteTeamCountry "GER"]
[BlackTeamCountry "GER"]

1. d4 Nf6 2. c4 e6 3. Nf3 b6 4. a3 Bb7 5. Nc3 d5 6. Bg5 h6 7. Bxf6 Qxf6 8. cxd5 exd5 9. e3 c6 10. Bd3 Nd7 11. 0-0 Be7 12. Qe2 0-0 13. Rac1 Rfe8 14. Rfd1 Bd6 15. Ba6 Rab8 16. Bxb7 Rxb7 17. Rc2 b5 18. Na2 a5 19. Rdc1 Nb8 20. Qd2 b4 21. axb4 axb4 22. b3 Qd8 23. Rb1 Qb6 24. Nc1 Na6 25. Nd3 f6 26. Rbc1 Rc8 27. Nc5 Ra7 28. Na4 Qb5 29. Ne1 Nb8 30. Nd3 Rcc7 31. Ra2 Na6 32. Rca1 Qb8 33. g3 Kf7 34. Nac5 Nxc5 35. dxc5 Rxa2 36. Rxa2 Be7 37. Ra4 Rb7 38. Rxb4 Rxb4 39. Qxb4 Qxb4 40. Nxb4 Bxc5 41. Nxc6 Ke6 42. Kg2 Kd6 43. Nd4 Ke5 44. Nc2 f5 45. f3 g5 1/2-1/2

[Event "Regionalliga SW 9495"]
[Site "Bayern"]
[Date "1995.??.??"]
[Round "?.4"]
[White "Stoppa, Detlef"]
[Black "Drexel, Michael"]
[Result "1/2-1/2"]
[WhiteElo "1900"]
[BlackElo "2075"]
[PlyCount "45"]
[EventDate "1994.10.??"]
[EventType "team-tourn"]
[EventRounds "9"]
[EventCountry "GER"]
[SourceTitle "EXT 1999"]
[Source "ChessBase"]
[SourceDate "1998.11.16"]
[SourceVersion "1"]
[SourceVersionDate "1998.11.16"]
[SourceQuality "1"]
[WhiteTeam "Obermenzing"]
[BlackTeam "Muenchen RT"]
[WhiteTeamCountry "GER"]
[BlackTeamCountry "GER"]

1. d4 Nf6 2. c4 e6 3. Nf3 c5 4. Nc3 cxd4 5. Nxd4 Bb4 6. Bd2 Nc6 7. Nxc6 dxc6 8. e3 e5 9. a3 Be7 10. Qc2 Bg4 11. Be2 Qd7 12. Rd1 0-0 13. Bc1 Qe6 14. 0-0 Rad8 15. Bxg4 Qxg4 16. b3 Bd6 17. h3 Qh4 18. e4 Bc5 19. b4 Bd4 20. Bb2 Rd6 21. Ne2 Nxe4 22. Nxd4 exd4 23. Rxd4 1/2-1/2

[Event "Regionalliga SW 9495"]
[Site "Bayern"]
[Date "1995.??.??"]
[Round "?.5"]
[White "Stoppa, Detlef"]
[Black "Marschner, Guenter"]
[Result "1/2-1/2"]
[WhiteElo "1900"]
[BlackElo "1930"]
[PlyCount "38"]
[EventDate "1994.10.??"]
[EventType "team-tourn"]
[EventRounds "9"]
[EventCountry "GER"]
[SourceTitle "EXT 1999"]
[Source "ChessBase"]
[SourceDate "1998.11.16"]
[SourceVersion "1"]
[SourceVersionDate "1998.11.16"]
[SourceQuality "1"]
[WhiteTeam "Obermenzing"]
[BlackTeam "Sonthofen"]
[WhiteTeamCountry "GER"]
[BlackTeamCountry "GER"]

1. d4 e6 2. c4 Nf6 3. Nf3 b6 4. Nc3 Bb4 5. Bg5 h6 6. Bxf6 Bxc3+ 7. bxc3 Qxf6 8. e4 d6 9. Bd3 Bb7 10. 0-0 0-0 11. Qc2 Nc6 12. Nd2 e5 13. d5 Ne7 14. Nb3 Ng6 15. g3 Bc8 16. f3 Qg5 17. Kh1 f5 18. exf5 Bxf5 19. Bxf5 Rxf5 1/2-1/2